Mathematics to-day : a guide for teachers : proceedings of an international working session on new teaching methods for school mathematics, Athens 17th-23rd November, 1963
Αποθηκεύτηκε σε:
| Άλλοι συγγραφείς: | |
|---|---|
| Μορφή: | Βιβλίο |
| Γλώσσα: | English |
| Δημοσίευση: |
[s.l.] :
Organisation for Economic Co-operation and Development,
[1963]
|
| Θέματα: | |
| Ετικέτες: |
Προσθήκη ετικέτας
Δεν υπάρχουν, Καταχωρήστε ετικέτα πρώτοι!
|
MARC
| LEADER | 00000cam a2200000 i 4500 | ||
|---|---|---|---|
| 001 | 1/51561 | ||
| 008 | 040316s1963 eng d | ||
| 035 | |l 10072773 | ||
| 040 | |a GR-MY-UA |b gre |e aacr | ||
| 041 | 0 | |a eng | |
| 082 | 0 | |a 510.071 | |
| 245 | 1 | 0 | |a Mathematics to-day : |b a guide for teachers : proceedings of an international working session on new teaching methods for school mathematics, Athens 17th-23rd November, 1963 / |c edited by Howard F. Fehr |
| 260 | |a [s.l.] : |b Organisation for Economic Co-operation and Development, |c [1963] | ||
| 300 | |a 420 p. | ||
| 650 | 0 | 0 | |a Mathematics |x Study and teaching. |
| 700 | 1 | |a Fehr, Howard F. |q (Howard Franklin), |d 1901-1982. |4 edt | |
| 852 | |a INST |b RHODES |c AKA |e 20040316 |h 510.071 MAT |p 005400019383 |q 005400019383 |t BK |y 0 | ||
| 901 | |a BIBL4-2004-1 | ||
| 909 | |a Ρ |b 109138 | ||
| 970 | |a ΚΟΥΛΑΚΙΟΤΗ |b ΛΙΤΣΑ |z 2004/03/16 | ||